[Event "GER-ch U25 op-B"]
[Site "Willingen"]
[Date "2024.05.23"]
[Round "7"]
[White "Kelembet, Artem"]
[Black "Uhlmann, Jonas"]
[Result "0-1"]
[WhiteElo "1654"]
[BlackElo "1842"]
[PlyCount "64"]
[EventDate "2024.05.19"]
[EventType "swiss"]
[EventRounds "9"]
[EventCountry "GER"]
[SourceTitle "EXT 2025"]
[Source "ChessBase"]
[SourceDate "2024.10.14"]
[SourceVersion "1"]
[SourceVersionDate "2024.10.14"]
[SourceQuality "1"]

1. Nf3 Nf6 2. d4 e6 3. c4 b6 4. g3 Bb7 5. Bg2 Be7 6. 0-0 0-0 7. Nc3 d5 8. Ne5 Na6 9. Bg5 c5 10. e3 Rc8 11. Qa4 Qc7 12. Nb5 Qd8 13. Nxa7 Ra8 14. Nac6 Qc7 15. Qb5 Bd6 16. b4 Ne4 17. bxc5 bxc5 18. Bd8 Rfxd8 19. Nxd8 Rxd8 20. Rab1 Nb4 21. Bxe4 Bxe5 22. Bxd5 exd5 23. dxc5 Bc3 24. Rfc1 Bc6 25. Qb6 Qxb6 26. cxb6 Bd2 27. Rd1 dxc4 28. Rxb4 c3 29. Rc4 Rc8 30. Rxd2 cxd2 31. Rd4 Bf3 32. Rxd2 Rc1+ 0-1

[Event "GER-ch U25 op-B"]
[Site "Willingen"]
[Date "2024.05.22"]
[Round "6"]
[White "Averkova, Mariia"]
[Black "Kelembet, Artem"]
[Result "0-1"]
[WhiteElo "1608"]
[BlackElo "1654"]
[PlyCount "82"]
[EventDate "2024.05.19"]
[EventType "swiss"]
[EventRounds "9"]
[EventCountry "GER"]
[SourceTitle "EXT 2025"]
[Source "ChessBase"]
[SourceDate "2024.10.14"]
[SourceVersion "1"]
[SourceVersionDate "2024.10.14"]
[SourceQuality "1"]

1. d4 Nf6 2. Nf3 d5 3. e3 Bg4 4. Be2 e6 5. a3 Bd6 6. b3 Nbd7 7. Bb2 c6 8. Nbd2 Qc7 9. c4 0-0 10. c5 Be7 11. 0-0 b6 12. b4 bxc5 13. bxc5 Rfb8 14. Ra2 a5 15. a4 Rb7 16. Ne1 Bxe2 17. Qxe2 Rab8 18. Bc3 e5 19. f3 exd4 20. exd4 Re8 21. Qd1 Qf4 22. Nc2 Bd8 23. g3 Qf5 24. Re1 Rxe1+ 25. Qxe1 Nb8 26. Qf1 h5 27. Ne3 Qe6 28. Qd3 Re7 29. Kf2 h4 30. Rb2 Bc7 31. Bxa5 Bxa5 32. Rxb8+ Ne8 33. Rb2 Bc7 34. Ra2 Nf6 35. a5 hxg3+ 36. hxg3 Qh3 37. Ndf1 Nh5 38. Nf5 Bxg3+ 39. N5xg3 Nxg3 40. f4 Nh1+ 41. Kg1 Qxd3 0-1